[Event "The path to mastery - Masters"]
[Site "Chernivtsi"]
[Date "2025.11.21"]
[Round "1.2"]
[White "Pankiv, Maksym"]
[Black "Mikhaletz, Lubomir"]
[Result "1-0"]
[WhiteElo "2066"]
[BlackElo "2240"]
[Annotator "Prohorov,Olexandr"]
[PlyCount "97"]
[EventDate "2025.??.??"]

1. e4 c5 2. Nf3 e6 3. d4 cxd4 4. Nxd4 Nf6 5. Nc3 d6 6. g4 h6 7. h4 Nc6 8. Rg1
d5 9. Nxc6 bxc6 10. g5 hxg5 11. hxg5 Nxe4 12. Nxe4 dxe4 13. Qxd8+ Kxd8 14. Bf4
Bb7 15. O-O-O+ Ke8 16. g6 f6 17. Bc4 Bc8 18. Rge1 Be7 19. Rxe4 f5 20. Red4 a6
21. Bb3 Rh4 22. Be5 Rxd4 23. Rxd4 Kf8 24. Rd3 a5 25. a4 Ra7 26. f4 Rb7 27. Bc4
Ra7 28. Rh3 Kg8 29. Rh5 Bf6 30. Rxf5 Kf8 31. Rh5 Ke7 32. Rh8 Ra8 33. Bxf6+ Kxf6
34. Rf8+ Kxg6 35. Bxe6 Bb7 36. Bf5+ Kh6 37. Rxa8 Bxa8 38. Be4 g5 39. f5 Kg7 40.
Kd2 Kf6 41. Ke3 Ke5 42. c3 Bb7 43. b4 Bc8 44. f6 Kxf6 45. Kd4 g4 46. Kc5 Bb7
47. bxa5 Ke5 48. Bh1 g3 49. Kb6 1-0

[Event "The path to mastery - Masters"]
[Site "Chernivtsi"]
[Date "2025.11.21"]
[Round "1.3"]
[White "Zhukovskyi, Myhaylo"]
[Black "Vinogradnik, Vladimir"]
[Result "1-0"]
[WhiteElo "2181"]
[BlackElo "2036"]
[Annotator "Prohorov,Olexandr"]
[PlyCount "81"]
[EventDate "2025.??.??"]

1. Nf3 Nf6 2. g3 b6 3. Bg2 Bb7 4. O-O e6 5. d4 Be7 6. c4 O-O 7. Nc3 d5 8. Ne5
Qc8 9. cxd5 exd5 10. Bg5 Qd8 11. Rc1 Nbd7 12. Qb3 c6 13. Bf4 Nxe5 14. Bxe5 Bd6
15. Rfd1 Bxe5 16. dxe5 Ng4 17. f4 Ne3 18. Rd2 Nxg2 19. Kxg2 Qe7 20. Rcd1 d4 21.
Kf1 c5 22. Nb5 Qd7 23. e3 Qc6 24. exd4 Qh1+ 25. Kf2 Qxh2+ 26. Kf1 Qh3+ 27. Kg1
cxd4 28. Rh2 Qg4 29. Nxd4 Rad8 30. Rh4 Qg6 31. Qe3 b5 32. f5 Qb6 33. f6 Rxd4
34. Qxd4 Qc6 35. Rh2 Qf3 36. Qd3 Qxd3 37. Rxd3 Re8 38. Rhd2 gxf6 39. Rd8 Rxd8
40. Rxd8+ Kg7 41. e6 1-0

[Event "The path to mastery - Masters"]
[Site "Chernivtsi"]
[Date "2025.11.21"]
[Round "1.4"]
[White "Shykyravyi, Denys"]
[Black "Kislinsky, Alexey"]
[Result "0-1"]
[WhiteElo "1932"]
[BlackElo "2325"]
[Annotator "Prohorov,Olexandr"]
[PlyCount "70"]
[EventDate "2025.??.??"]

1. e4 c5 2. Nf3 Nc6 3. Bb5 d6 4. d4 cxd4 5. Qxd4 Bd7 6. Bxc6 Bxc6 7. Nc3 Nf6 8.
Bg5 e6 9. O-O-O Be7 10. Bxf6 Bxf6 11. Qxd6 Qxd6 12. Rxd6 Bxc3 13. bxc3 Bxe4 14.
Ne5 Rc8 15. c4 O-O 16. f3 Bg6 17. Rhd1 Rc5 18. Nd7 Rxc4 19. Nxf8 Rxc2+ 20. Kb1
Kxf8 21. Rd7 h5 22. Ka1 Rxg2 23. Rxb7 Kg8 24. Rxa7 Rxh2 25. a4 Bc2 26. Rc1 Bb3
27. a5 Bd5 28. a6 h4 29. Rc8+ Kh7 30. Rxf7 h3 31. Rc1 Rg2 32. Rfc7 h2 33. Rh1
Rg1+ 34. Rc1 Rxc1+ 35. Rxc1 Bxf3 0-1

[Event "The path to mastery - Masters"]
[Site "Chernivtsi"]
[Date "2025.11.21"]
[Round "1.5"]
[White "Voitychuk, Orest"]
[Black "Shevchenko, Yaroslav"]
[Result "1/2-1/2"]
[WhiteElo "2061"]
[BlackElo "2070"]
[Annotator "Prohorov,Olexandr"]
[PlyCount "78"]
[EventDate "2025.??.??"]

1. d4 d5 2. Nf3 Nf6 3. c4 e6 4. g3 c6 5. Bg2 dxc4 6. Ne5 Bb4+ 7. Bd2 Be7 8. e3
b5 9. a4 b4 10. O-O O-O 11. Qc2 Ba6 12. Rc1 Nd5 13. e4 Nf6 14. Be3 c5 15. dxc5
Qc8 16. Nxc4 Bxc5 17. Nbd2 Nbd7 18. Bxc5 Qxc5 19. Nb3 Qh5 20. Qd2 Rfd8 21. Qe1
Bxc4 22. Rxc4 Ne5 23. Rd4 Nf3+ 24. Bxf3 Qxf3 25. Qd1 Qxd1+ 26. Raxd1 Rdb8 27.
a5 Kf8 28. Rc4 Ke8 29. Rdd4 e5 30. Rd1 Rc8 31. Rdc1 Kd8 32. Rd1+ Ke7 33. Rdc1
Kd8 34. Nc5 Rab8 35. Na6 Rxc4 36. Rxc4 Rb5 37. Nxb4 Kd7 38. a6 Rb6 39. Nd3 Kd6
1/2-1/2

[Event "The path to mastery - Masters"]
[Site "Chernivtsi"]
[Date "2025.11.21"]
[Round "1.6"]
[White "Perepelytsya-Melnyk, Klim"]
[Black "Nechaev, Andrei"]
[Result "1/2-1/2"]
[WhiteElo "1867"]
[BlackElo "2286"]
[Annotator "Prohorov,Olexandr"]
[PlyCount "97"]
[EventDate "2025.??.??"]

1. e4 e5 2. Nf3 Nc6 3. Bc4 Bc5 4. O-O Nf6 5. d4 exd4 6. e5 d5 7. exf6 dxc4 8.
Re1+ Be6 9. fxg7 Rg8 10. Bg5 Be7 11. Bxe7 Kxe7 12. Re4 d3 13. Nc3 Rxg7 14. Re3
Nb4 15. cxd3 Nxd3 16. Ne1 Nxe1 17. Qxe1 Kf8 18. Rd1 Qe7 19. Nd5 Qc5 20. Rxe6
fxe6 21. Nf4 Re7 22. Nxe6+ Rxe6 23. Qxe6 Re8 24. Qf6+ Kg8 25. Rd8 Rxd8 26.
Qxd8+ Kg7 27. Qd7+ Kg6 28. h4 b5 29. Qe8+ Kg7 30. Qd7+ Kg6 31. Qe6+ Kg7 32.
Qd7+ Kg6 33. Qg4+ Kf6 34. Qf3+ Kg7 35. Qc3+ Kg6 36. a3 h5 37. Qg3+ Kf6 38. Qf3+
Ke6 39. Qh3+ Qf5 40. Qe3+ Qe5 41. Qd2 a5 42. Kf1 a4 43. Qc2 Qd4 44. g3 Qd3+ 45.
Qxd3 cxd3 46. Ke1 Kd5 47. Kd2 Kc4 48. f3 Kb3 49. f4 1/2-1/2

[Event "The path to mastery - Masters"]
[Site "Chernivtsi"]
[Date "2025.11.21"]
[Round "1.7"]
[White "Reshetov, Volodymyr"]
[Black "Fingerov, Dmitry"]
[Result "0-1"]
[WhiteElo "1851"]
[BlackElo "2199"]
[Annotator "Prohorov,Olexandr"]
[PlyCount "58"]
[EventDate "2025.??.??"]

1. e4 e6 2. d4 d5 3. Bd3 Nc6 4. c3 e5 5. dxe5 dxe4 6. Bxe4 Qxd1+ 7. Kxd1 Nxe5
8. Nf3 Ng4 9. Ke2 Bc5 10. Nd4 N8f6 11. Bf3 O-O 12. h3 Ne5 13. Re1 Re8 14. Be3
Nxf3 15. Kxf3 b6 16. g4 h5 17. Rg1 Re4 18. g5 Bb7 19. Ke2 Nd7 20. Nd2 Rh4 21.
g6 fxg6 22. Rxg6 Ba6+ 23. Kd1 Rxh3 24. Kc2 Bd3+ 25. Kxd3 Ne5+ 26. Ke2 Nxg6 27.
N2f3 Re8 28. Rg1 Bxd4 29. cxd4 Nf4+ 0-1

[Event "The path to mastery - Masters"]
[Site "Chernivtsi"]
[Date "2025.11.21"]
[Round "1.8"]
[White "Pohoretskyi, Vitalii"]
[Black "Sukhov, Andrey"]
[Result "1-0"]
[WhiteElo "1653"]
[BlackElo "2059"]
[Annotator "Prohorov,Olexandr"]
[PlyCount "51"]
[EventDate "2025.??.??"]

1. e4 c5 2. Nf3 d6 3. d4 cxd4 4. Nxd4 Nf6 5. Nc3 a6 6. Be3 b5 7. f3 e6 8. Qd2
Qc7 9. g4 Bb7 10. g5 Nfd7 11. O-O-O Nc6 12. h4 Nde5 13. f4 Nxd4 14. fxe5 dxe5
15. Bxd4 exd4 16. Qxd4 b4 17. Na4 Rc8 18. Bd3 Bc6 19. Nb6 Rd8 20. Qf2 Rxd3 21.
Rxd3 Bxe4 22. Rd7 Qxd7 23. Nxd7 Bxh1 24. Ne5 f6 25. gxf6 Bd6 26. Qa7 1-0

[Event "The path to mastery - Masters"]
[Site "Chernivtsi"]
[Date "2025.11.21"]
[Round "1.9"]
[White "Pivnev, Vladyslav"]
[Black "Rudak, Vladimir"]
[Result "1/2-1/2"]
[WhiteElo "1797"]
[BlackElo "2128"]
[Annotator "Prohorov,Olexandr"]
[PlyCount "81"]
[EventDate "2025.??.??"]

1. d4 d5 2. c4 c6 3. Nf3 Nf6 4. e3 e6 5. b3 Nbd7 6. Bd3 Be7 7. O-O b6 8. Bb2
Bb7 9. Nc3 O-O 10. Qe2 Rc8 11. e4 dxe4 12. Nxe4 c5 13. Nxf6+ Nxf6 14. Rad1 Qc7
15. Rfe1 cxd4 16. Bxd4 Bb4 17. Bxf6 gxf6 18. Nd4 Qc5 19. Qg4+ Qg5 20. Qh3 h5
21. Re3 Bd6 22. Be4 Bxe4 23. Rxe4 Rfd8 24. Nf3 Qg6 25. Red4 Be7 26. Rxd8+ Rxd8
27. Rxd8+ Bxd8 28. Nd2 Bc7 29. Qf3 Kg7 30. Ne4 Be5 31. g3 f5 32. Nd2 f4 33. Kg2
fxg3 34. hxg3 h4 35. g4 Bd4 36. Qf4 Qd3 37. Nf3 h3+ 38. Kg3 e5 39. Qg5+ Kf8 40.
Qd8+ Kg7 41. Qg5+ 1/2-1/2

[Event "The path to mastery - Masters"]
[Site "Chernivtsi"]
[Date "2025.11.22"]
[Round "2.1"]
[White "Mikhaletz, Lubomir"]
[Black "Fainkihen, Efim"]
[Result "1-0"]
[WhiteElo "2240"]
[BlackElo "2001"]
[PlyCount "157"]
[EventDate "2025.??.??"]

1. e4 e5 2. Nc3 Nf6 3. Nf3 Nc6 4. Be2 d5 5. exd5 Nxd5 6. O-O Nxc3 7. bxc3 e4 8.
Nd4 Nxd4 9. cxd4 Qxd4 10. Rb1 Bd6 11. d3 O-O 12. Bb2 Qd5 13. dxe4 Qxe4 14. Bf3
Qa4 15. Qd3 Qf4 16. g3 Qf5 17. Qc3 f6 18. Rfe1 Be5 19. Qc4+ Be6 20. Bd5 Bxd5
21. Qxd5+ Kh8 22. Bxe5 fxe5 23. Re2 b6 24. Qxe5 Qxe5 25. Rxe5 Rf7 26. c4 Raf8
27. f4 g6 28. Rd1 Kg7 29. c5 Rf6 30. Kf2 R8f7 31. a4 Rc6 32. Rdd5 Kf6 33. Ke3
bxc5 34. Rxc5 Rd6 35. Rcd5 Rxd5 36. Rxd5 Ke6 37. Ra5 c6 38. h4 h5 39. Rg5 Rf6
40. Kd4 Kd6 41. a5 a6 42. Kc4 Re6 43. Re5 Rf6 44. Re8 Rf5 45. Rg8 Rxa5 46.
Rxg6+ Kd7 47. Kb4 Rb5+ 48. Ka4 Rd5 49. Rg7+ Ke6 50. Rg6+ Kd7 51. Kb4 Rb5+ 52.
Kc4 Rd5 53. Rg7+ Kd6 54. Ra7 a5 55. Rg7 Rb5 56. Rg8 Rb4+ 57. Kc3 c5 58. Rg6+
Kd7 59. Rg5 a4 60. Rxc5 Rb3+ 61. Kd4 Rxg3 62. Rxh5 Ke6 63. Ke4 Rh3 64. Rh6+ Kf7
65. Kf5 Kg7 66. Rg6+ Kf7 67. Ra6 Rxh4 68. Ra7+ Kf8 69. Kg5 Rh3 70. f5 a3 71.
Kg6 Rg3+ 72. Kf6 Re3 73. Ra8+ Re8 74. Rxa3 Rb8 75. Kg6 Rb1 76. Ra8+ Ke7 77. f6+
Ke6 78. Re8+ Kd7 79. f7 1-0

[Event "The path to mastery - Masters"]
[Site "Chernivtsi"]
[Date "2025.11.22"]
[Round "2.2"]
[White "Vinogradnik, Vladimir"]
[Black "Pankiv, Maksym"]
[Result "0-1"]
[WhiteElo "2036"]
[BlackElo "2066"]
[PlyCount "68"]
[EventDate "2025.??.??"]

1. e4 c5 2. Nf3 d6 3. Bb5+ Nd7 4. O-O a6 5. Bxd7+ Bxd7 6. d4 cxd4 7. Qxd4 Rc8
8. Nc3 e5 9. Qd3 Bc6 10. Re1 Be7 11. a4 Qc7 12. Be3 Nf6 13. a5 O-O 14. Bb6 Qd7
15. Rad1 Qe6 16. h3 Nh5 17. Nd5 Bxd5 18. exd5 Qd7 19. c4 f5 20. Qf1 Bf6 21. c5
e4 22. c6 bxc6 23. dxc6 Rxc6 24. Nd4 Bxd4 25. Rxd4 Qc8 26. b4 Nf4 27. b5 axb5
28. Qxb5 d5 29. Ra4 Rg6 30. g3 Qc3 31. Kf1 Rxg3 32. Re3 Rxh3 33. Kg1 Qc1+ 34.
Qf1 Qxf1+ 0-1

[Event "The path to mastery - Masters"]
[Site "Chernivtsi"]
[Date "2025.11.22"]
[Round "2.3"]
[White "Kislinsky, Alexey"]
[Black "Zhukovskyi, Myhaylo"]
[Result "1/2-1/2"]
[WhiteElo "2325"]
[BlackElo "2181"]
[Annotator "Prohorov,Olexandr"]
[PlyCount "30"]
[EventDate "2025.??.??"]

1. e4 c6 2. d4 d5 3. e5 Bf5 4. g4 Bg6 5. Ne2 e6 6. Nf4 Be4 7. f3 Qh4+ 8. Ke2 h5
9. fxe4 Qxg4+ 10. Ke1 Qh4+ 11. Ke2 Qg4+ 12. Ke1 Qh4+ 13. Ke2 Qg4+ 14. Ke1 Qh4+
15. Ke2 Qg4+ $11 1/2-1/2

[Event "The path to mastery - Masters"]
[Site "Chernivtsi"]
[Date "2025.11.22"]
[Round "2.4"]
[White "Shevchenko, Yaroslav"]
[Black "Shykyravyi, Denys"]
[Result "1-0"]
[WhiteElo "2070"]
[BlackElo "1932"]
[PlyCount "109"]
[EventDate "2025.??.??"]

1. d4 Nf6 2. c4 c5 3. d5 b5 4. cxb5 a6 5. bxa6 g6 6. Nc3 Bxa6 7. g3 Bg7 8. Bg2
d6 9. Nf3 Nbd7 10. O-O Nb6 11. a4 O-O 12. Rb1 Rb8 13. b3 e6 14. dxe6 fxe6 15.
Ng5 Qe7 16. Bh3 Bc8 17. e4 Ne8 18. Nb5 h6 19. Nf3 Ba6 20. Nh4 Kh7 21. f4 Nc7
22. e5 dxe5 23. Qc2 e4 24. Qxe4 Nxb5 25. Qxg6+ Kh8 26. axb5 Bxb5 27. Qe4 Rf6
28. Re1 Qd7 29. Bb2 Bd3 30. Qe5 Qa7 31. Ra1 Qb7 32. Qh5 Qf7 33. Qxf7 Rxf7 34.
Bxg7+ Kxg7 35. Bxe6 Rc7 36. Rad1 c4 37. bxc4 Bxc4 38. Rc1 Re8 39. Kf2 Kf6 40.
Bxc4 Rxe1 41. Kxe1 Rxc4 42. Rxc4 Nxc4 43. Ke2 h5 44. h3 Nb6 45. g4 hxg4 46.
hxg4 Nd5 47. Kf3 Ne7 48. g5+ Kg7 49. Ke4 Kf7 50. f5 Nc6 51. Ng6 Kg7 52. Nf4 Kf7
53. f6 Nd8 54. Kf5 Nc6 55. g6+ 1-0

[Event "The path to mastery - Masters"]
[Site "Chernivtsi"]
[Date "2025.11.22"]
[Round "2.5"]
[White "Nechaev, Andrei"]
[Black "Voitychuk, Orest"]
[Result "1/2-1/2"]
[WhiteElo "2286"]
[BlackElo "2061"]
[PlyCount "98"]
[EventDate "2025.??.??"]

1. d4 Nf6 2. c4 e6 3. Nf3 d5 4. Nc3 dxc4 5. Bg5 a6 6. a4 h6 7. Bxf6 Qxf6 8. e4
Bb4 9. Bxc4 c5 10. e5 Qd8 11. d5 exd5 12. Bxd5 O-O 13. O-O Bxc3 14. bxc3 Qc7
15. Qb3 Nc6 16. Rab1 Nxe5 17. Nxe5 Qxe5 18. Rfe1 Qc7 19. Re3 Rb8 20. Rbe1 b5
21. axb5 Rxb5 22. Qa2 Bb7 23. Bc4 Ra5 24. Qb3 Bc6 25. Re7 Qf4 26. Qb6 Qxc4 27.
Qxa5 Qg4 28. f3 Bxf3 29. Qa2 c4 30. R7e3 Bd5 31. Rg3 Qc8 32. Qd2 Qc5+ 33. Qe3
Qxe3+ 34. Rgxe3 Be6 35. Ra1 Rb8 36. Rxa6 Rb2 37. Rd6 Kf8 38. Rd4 Rc2 39. h4 h5
40. Rf4 Kg8 41. Rf2 Rc1+ 42. Kh2 Kh7 43. Kg3 Kg6 44. Kf4 Rh1 45. g3 Rc1 46. Ke5
Rd1 47. Kf4 Rc1 48. Rd2 Kf6 49. Ke4 g6 1/2-1/2

[Event "The path to mastery - Masters"]
[Site "Chernivtsi"]
[Date "2025.11.22"]
[Round "2.6"]
[White "Fingerov, Dmitry"]
[Black "Perepelytsya-Melnyk, Klim"]
[Result "0-1"]
[WhiteElo "2199"]
[BlackElo "1867"]
[Annotator "Prohorov,Olexandr"]
[PlyCount "57"]
[EventDate "2025.??.??"]

1. c3 e5 2. d4 exd4 3. Nf3 d5 4. cxd4 Nf6 5. Bf4 Bd6 6. Bxd6 Qxd6 7. Nc3 O-O 8.
e3 c6 9. Be2 Nbd7 10. O-O Re8 11. Qc2 b6 12. Bd3 Bb7 13. a3 c5 14. Nb5 Qc6 15.
dxc5 bxc5 16. Rfc1 Ne4 17. b4 c4 18. Nfd4 Qb6 19. Be2 Ne5 20. a4 a6 21. Nc3
Rac8 22. b5 a5 23. Re1 Nd3 24. Rf1 Nexf2 25. Rxf2 Rxe3 26. Bxd3 cxd3 27. Qd2
Qxd4 28. Rc1 Rxc3 29. Rxc3 {time} 0-1

[Event "The path to mastery - Masters"]
[Site "Chernivtsi"]
[Date "2025.11.22"]
[Round "2.7"]
[White "Sukhov, Andrey"]
[Black "Reshetov, Volodymyr"]
[Result "1-0"]
[WhiteElo "2059"]
[BlackElo "1851"]
[PlyCount "61"]
[EventDate "2025.??.??"]

1. e4 c5 2. Nf3 e6 3. d4 cxd4 4. Nxd4 a6 5. Bd3 Bc5 6. Nb3 Ba7 7. Nc3 Nc6 8.
Bf4 d6 9. Qg4 Nf6 10. Qh4 Ne5 11. Bxe5 dxe5 12. O-O-O Qc7 13. Rhe1 O-O 14. f4
b5 15. g4 b4 16. Nb1 Bb7 17. N1d2 Rfd8 18. Kb1 Rac8 19. fxe5 Nd7 20. Nc4 Nxe5
21. Nxe5 Qxe5 22. Qe7 Qd6 23. Qxb7 Bf2 24. Rf1 Qxh2 25. Rd2 Rb8 26. Qxa6 Ra8
27. Qc4 Qd6 28. Rdxf2 Rdc8 29. e5 Qe7 30. Qe4 g6 31. Rxf7 1-0

[Event "The path to mastery - Masters"]
[Site "Chernivtsi"]
[Date "2025.11.22"]
[Round "2.8"]
[White "Rudak, Vladimir"]
[Black "Pohoretskyi, Vitalii"]
[Result "1-0"]
[WhiteElo "2128"]
[BlackElo "1653"]
[PlyCount "67"]
[EventDate "2025.??.??"]

1. e4 c5 2. Nf3 e6 3. d4 cxd4 4. Nxd4 a6 5. Nc3 Qc7 6. g3 Bb4 7. Bd2 Nc6 8.
Nxc6 dxc6 9. Bg2 Nf6 10. O-O O-O 11. Qe2 e5 12. h3 Be6 13. Rfd1 Rfd8 14. a3 Be7
15. Be3 b5 16. f4 exf4 17. gxf4 g6 18. Qf2 Rxd1+ 19. Rxd1 Rd8 20. Re1 Re8 21.
f5 Bc8 22. Rf1 gxf5 23. Bf4 Qd7 24. Be5 Qe6 25. Qg3+ Kh8 26. Rxf5 Rg8 27. Qh4
Rg6 28. Ne2 Kg8 29. Nf4 Nxe4 30. Qxh7+ Kxh7 31. Nxe6 fxe6 32. Rf7+ Kh6 33. Rxe7
Nc5 34. Bf4+ 1-0

[Event "The path to mastery - Masters"]
[Site "Chernivtsi"]
[Date "2025.11.22"]
[Round "3.1"]
[White "Fainkihen, Efim"]
[Black "Vinogradnik, Vladimir"]
[Result "1-0"]
[WhiteElo "2001"]
[BlackElo "2036"]
[PlyCount "67"]
[EventDate "2025.??.??"]

1. d4 Nf6 2. c4 e6 3. Nc3 Bb4 4. e3 c5 5. Bd3 d5 6. Nf3 Ne4 7. O-O Bxc3 8. bxc3
f5 9. cxd5 Nxc3 10. Qb3 Nxd5 11. e4 fxe4 12. Bxe4 Nf6 13. Bxb7 Bxb7 14. Qxb7
Nbd7 15. Ng5 Qc8 16. Qb3 Nf8 17. Re1 Rb8 18. Qh3 cxd4 19. Bf4 Rb6 20. Rac1 Qa6
21. Bc7 Kd7 22. Bxb6 Qxb6 23. Nf7 Rg8 24. Ne5+ Ke7 25. Qa3+ Kd8 26. Nc6+ Kc7
27. Nxa7+ Kd7 28. Qa4+ Kd8 29. Nc6+ Ke8 30. Qa8+ Kf7 31. Ne5+ Ke7 32. Qa3+ Kd8
33. Rc6 Qb7 34. Qd6+ 1-0

[Event "The path to mastery - Masters"]
[Site "Chernivtsi"]
[Date "2025.11.22"]
[Round "3.2"]
[White "Pankiv, Maksym"]
[Black "Kislinsky, Alexey"]
[Result "1/2-1/2"]
[WhiteElo "2066"]
[BlackElo "2325"]
[PlyCount "132"]
[EventDate "2025.??.??"]

1. e4 e6 2. d4 d5 3. Nd2 a6 4. Ngf3 c5 5. exd5 exd5 6. dxc5 Bxc5 7. Nb3 Bb6 8.
Nbd4 Nc6 9. c3 Nf6 10. Be2 O-O 11. O-O Qd6 12. Qb3 Nxd4 13. Nxd4 Bxd4 14. cxd4
Re8 15. Bf3 Bg4 16. Bd2 Bxf3 17. Qxf3 Re4 18. Rfe1 Rae8 19. Qc3 Ng4 20. g3 Qd7
21. f3 Rxe1+ 22. Rxe1 Rxe1+ 23. Bxe1 Nf6 24. Qc2 Ne8 25. Bd2 Nc7 26. Be3 h6 27.
Kf2 Ne6 28. a4 Nd8 29. b3 Qh3 30. Kg1 Nc6 31. Qc5 Qf5 32. Kf2 h5 33. b4 g5 34.
Ke2 g4 35. fxg4 hxg4 36. Kd2 Qe4 37. Bf2 Kg7 38. Be3 Qg2+ 39. Kd3 Qb2 40. Bd2
Qb3+ 41. Bc3 Qb1+ 42. Kd2 Qa2+ 43. Kc1 Qa3+ 44. Kd2 Qa2+ 45. Kc1 Nd8 46. Bb2
Ne6 47. Qc2 Ng5 48. Qf5 Qc4+ 49. Kb1 Ne4 50. Qxg4+ Kf8 51. Qd1 Qxb4 52. Ka2
Qc4+ 53. Ka1 b5 54. axb5 axb5 55. Qh5 b4 56. Qh8+ Ke7 57. Qe5+ Kd8 58. Qh8+ Kd7
59. Qh3+ Kc7 60. Qf5 f6 61. Qe6 Qb3 62. Qe7+ Kb6 63. Qe8 Nd2 64. Qb8+ Kc6 65.
Qc8+ Kb6 66. Qb8+ Kc6 1/2-1/2

[Event "The path to mastery - Masters"]
[Site "Chernivtsi"]
[Date "2025.11.22"]
[Round "3.3"]
[White "Zhukovskyi, Myhaylo"]
[Black "Shevchenko, Yaroslav"]
[Result "0-1"]
[WhiteElo "2181"]
[BlackElo "2070"]
[PlyCount "64"]
[EventDate "2025.??.??"]

1. Nf3 d5 2. g3 Nd7 3. Bg2 e5 4. d3 Ngf6 5. O-O Be7 6. e4 dxe4 7. dxe4 O-O 8.
Qe2 c6 9. Rd1 Qc7 10. Nbd2 a5 11. a4 b6 12. Nc4 Ba6 13. Bd2 Rfe8 14. Bc3 Bb4
15. Bxb4 axb4 16. b3 Nc5 17. Nh4 Ne6 18. Nf5 g6 19. Nfd6 Red8 20. Qf3 Kg7 21.
Qe3 Bxc4 22. Nxc4 Nd4 23. Rd2 b5 24. Nb2 c5 25. Rad1 c4 26. f4 Ng4 27. Qe1 c3
28. Rxd4 Qa7 29. Kh1 Rxd4 30. Rxd4 Qxd4 31. Nd3 bxa4 32. bxa4 b3 0-1

[Event "The path to mastery - Masters"]
[Site "Chernivtsi"]
[Date "2025.11.22"]
[Round "3.4"]
[White "Shykyravyi, Denys"]
[Black "Nechaev, Andrei"]
[Result "1-0"]
[WhiteElo "1932"]
[BlackElo "2286"]
[PlyCount "73"]
[EventDate "2025.??.??"]

1. e4 e5 2. Nf3 Nc6 3. Nc3 Nf6 4. d4 exd4 5. Nxd4 Bb4 6. Nxc6 bxc6 7. Bd3 O-O
8. O-O Re8 9. Qf3 Rb8 10. Bg5 Be7 11. Rab1 d6 12. h3 h6 13. Bh4 Nd7 14. Bxe7
Qxe7 15. Qg3 Qg5 16. Ne2 Ne5 17. f4 Qxg3 18. Nxg3 Nxd3 19. cxd3 c5 20. b3 Bd7
21. Rbc1 Rb4 22. Rfd1 c6 23. Rc4 Reb8 24. Nf1 Kf8 25. Rc3 a5 26. Ne3 a4 27. Nc2
R4b6 28. bxa4 Ra6 29. Rb3 Rba8 30. Rdb1 Rxa4 31. a3 f5 32. e5 Ke7 33. Rb7 Rxf4
34. e6 c4 35. exd7 cxd3 36. Nb4 c5 37. Nd5+ 1-0

[Event "The path to mastery - Masters"]
[Site "Chernivtsi"]
[Date "2025.11.22"]
[Round "3.5"]
[White "Voitychuk, Orest"]
[Black "Fingerov, Dmitry"]
[Result "1/2-1/2"]
[WhiteElo "2061"]
[BlackElo "2199"]
[PlyCount "62"]
[EventDate "2025.??.??"]

1. c4 d5 2. cxd5 c6 3. dxc6 Nxc6 4. Nc3 e5 5. g3 Nf6 6. Bg2 Bc5 7. d3 O-O 8.
Nf3 Qe7 9. O-O h6 10. a3 Rd8 11. b4 Bb6 12. Nd2 a5 13. b5 Nd4 14. Nc4 Bc5 15.
e3 Bg4 16. f3 Be6 17. Qa4 Nf5 18. Ne4 Rxd3 19. Nxe5 Bb3 20. Nxf6+ Qxf6 21. Qe4
Rxe3 22. Bxe3 Nxe3 23. Rac1 Bd5 24. Qf4 Qxf4 25. gxf4 Bxa3 26. Rc3 Nxf1 27.
Rxa3 Nd2 28. Rd3 Nb3 29. Rxd5 a4 30. Nc4 a3 31. Nxa3 Rxa3 1/2-1/2

[Event "The path to mastery - Masters"]
[Site "Chernivtsi"]
[Date "2025.11.22"]
[Round "3.6"]
[White "Perepelytsya-Melnyk, Klim"]
[Black "Sukhov, Andrey"]
[Result "1-0"]
[WhiteElo "1867"]
[BlackElo "2059"]
[PlyCount "153"]
[EventDate "2025.??.??"]

1. e4 c5 2. c3 d5 3. exd5 Qxd5 4. d4 e5 5. dxe5 Qxd1+ 6. Kxd1 Nc6 7. Nf3 Bg4 8.
Bf4 O-O-O+ 9. Nbd2 f6 10. exf6 Nxf6 11. Kc1 Be7 12. Bc4 Rhf8 13. Re1 h6 14. h3
Bf5 15. Be6+ Bxe6 16. Rxe6 Nd5 17. Bg3 Rd7 18. Kc2 Rfd8 19. Ree1 g5 20. Rad1 h5
21. a3 g4 22. hxg4 hxg4 23. Nh2 Nf6 24. Nc4 Rg8 25. Ne3 Rxd1 26. Rxd1 Ne4 27.
Nf5 Bf8 28. Nf1 Nxg3 29. N5xg3 c4 30. Ne4 Ne5 31. Ne3 Rg6 32. Rd5 Nd3 33. Nxc4
Ne1+ 34. Kb1 Nxg2 35. Ne5 Re6 36. Ng5 Re8 37. Nxg4 Nf4 38. Re5 Rd8 39. Nf7 Rd1+
40. Kc2 Rg1 41. f3 Kc7 42. Ne3 Rg7 43. Ng5 Bd6 44. Ne6+ Nxe6 45. Rxe6 Rf7 46.
Nd5+ Kd7 47. Re3 a5 48. Nb6+ Kc6 49. Nc4 Bc7 50. a4 b6 51. Kd3 Rf5 52. Re6+ Kd7
53. Re3 b5 54. axb5 Rxb5 55. Re4 Rf5 56. Ke3 Kc6 57. Ke2 Kb5 58. b3 Kc5 59. Nb2
Kd5 60. Rd4+ Ke6 61. Nd3 Rb5 62. Kd2 Kf5 63. Kc2 Kf6 64. c4 Rf5 65. f4 Rh5 66.
Rd7 Bb8 67. Rb7 Rh8 68. Kc3 Kf5 69. Rb5+ Ke4 70. Rxa5 Rh3 71. Rd5 Rf3 72. b4
Ke3 73. b5 Ke2 74. f5 Bg3 75. b6 Be1+ 76. Kc2 Ba5 77. Rxa5 1-0

[Event "The path to mastery - Masters"]
[Site "Chernivtsi"]
[Date "2025.11.22"]
[Round "3.7"]
[White "Reshetov, Volodymyr"]
[Black "Rudak, Vladimir"]
[Result "0-1"]
[WhiteElo "1851"]
[BlackElo "2128"]
[PlyCount "88"]
[EventDate "2025.??.??"]

1. e4 e5 2. Nf3 Nf6 3. Nc3 d6 4. d4 Nbd7 5. Bg5 Be7 6. Qd2 h6 7. Bxf6 Bxf6 8.
Nd5 c6 9. Nxf6+ Qxf6 10. O-O-O O-O 11. Be2 Re8 12. dxe5 dxe5 13. Kb1 Nf8 14.
Qe3 Ng6 15. g3 Bh3 16. Rd2 Rad8 17. Rhd1 b6 18. Qa3 Rxd2 19. Rxd2 Bg4 20. Rd6
Re6 21. Rd7 a5 22. Qd3 Ne7 23. h3 Bh5 24. g4 Bg6 25. h4 Qf4 26. Rd8+ Kh7 27.
Nd2 Qxf2 28. a3 Qxh4 29. Ka2 Nd5 30. Rxd5 cxd5 31. Qxd5 Qf2 32. Bc4 Qf6 33. Qd3
Rd6 34. Bd5 Qf4 35. Nc4 Rf6 36. Ne3 Qg3 37. Nf5 Qxd3 38. cxd3 Bxf5 39. exf5 g6
40. Be4 gxf5 41. gxf5 h5 42. Kb3 h4 43. Kc4 Rd6 44. Kc3 Rd4 0-1

[Event "The path to mastery - Masters"]
[Site "Chernivtsi"]
[Date "2025.11.22"]
[Round "3.9"]
[White "Pivnev, Vladyslav"]
[Black "Mikhaletz, Lubomir"]
[Result "1-0"]
[WhiteElo "1797"]
[BlackElo "2240"]
[PlyCount "83"]
[EventDate "2025.??.??"]

1. d4 g6 2. c4 Bg7 3. Nc3 c6 4. Nf3 Nf6 5. e4 d5 6. e5 Ne4 7. Be3 O-O 8. Bd3
Bf5 9. cxd5 Nxc3 10. bxc3 Bxd3 11. Qxd3 Qxd5 12. O-O b5 13. Rfc1 Nd7 14. c4
bxc4 15. Qxc4 Rfc8 16. Rab1 Nb6 17. Qc2 Rc7 18. Ne1 f6 19. f4 fxe5 20. dxe5 g5
21. Nf3 gxf4 22. Ng5 h6 23. Qh7+ Kf8 24. Qf5+ Kg8 25. Ne6 Qxe5 26. Qxe5 Bxe5
27. Nxc7 Bxc7 28. Rxc6 Nd5 29. Bc5 Bb6 30. Bxb6 axb6 31. Rb2 h5 32. Rd2 Ra5 33.
Kf2 Kf7 34. Kf3 e6 35. Re2 Ra3+ 36. Kf2 Nb4 37. Rxb6 Nd3+ 38. Kf1 Rc3 39. Rexe6
Rc1+ 40. Ke2 f3+ 41. gxf3 Nf4+ 42. Kd2 1-0

[Event "The path to mastery - Masters"]
[Site "Chernivtsi"]
[Date "2025.11.23"]
[Round "4.1"]
[White "Kislinsky, Alexey"]
[Black "Fainkihen, Efim"]
[Result "1-0"]
[WhiteElo "2325"]
[BlackElo "2001"]
[PlyCount "77"]
[EventDate "2025.??.??"]

1. e4 c6 2. Nf3 d5 3. e5 c5 4. d4 cxd4 5. Qxd4 Nc6 6. Qf4 e6 7. Nc3 a6 8. a3 f6
9. Bd3 fxe5 10. Nxe5 Nxe5 11. Qxe5 Nf6 12. Bf4 Bc5 13. O-O-O O-O 14. f3 b5 15.
Rhe1 Bd7 16. g4 Kh8 17. g5 Nh5 18. Bg3 Qb6 19. g6 Nxg3 20. hxg3 Bd4 21. Qh5 h6
22. Ne2 Be3+ 23. Kb1 b4 24. a4 b3 25. c3 Qa5 26. Nc1 Bxc1 27. Kxc1 Qxa4 28. Rh1
Qa1+ 29. Bb1 Rf5 30. Qg4 Rc8 31. Rd3 e5 32. Qb4 Re8 33. Rxd5 Bb5 34. f4 Rf6 35.
Rxe5 Rxe5 36. fxe5 Rf2 37. Qxb3 Qa5 38. Qd5 Qa4 39. Qf7 1-0